[Event "It"]
[Site "Pamplona ESP"]
[Date "2002.01.03"]
[Round "7"]
[White "Conquest,S"]
[Black "Bologan,V"]
[Result "0-1"]
[WhiteElo "2601"]
[BlackElo "2668"]
[EventDate "2001.12.27"]

1. c4 Nf6 2. Nc3 e5 3. Nf3 Nc6 4. g3 Bb4 5. Bg2 O-O 6. O-O Re8 7. d3 Bxc3
8. bxc3 e4 9. Nd4 h6 10. Qc2 exd3 11. exd3 Nxd4 12. cxd4 d5 13. Rb1 c6 14.
c5 Nh7 15. h4 Nf8 16. Be3 Ng6 17. Rfe1 Ne7 18. f3 b5 19. a4 a6 20. Bf2 h5
21. Re5 f6 22. Re3 Bf5 23. Rbe1 Qd7 24. Qd2 Kf7 25. Bf1 Rab8 26. Be2 b4 27.
Qb2 a5 28. Bd1 Rb7 29. Bb3 Qd8 30. Kf1 Bc8 31. Ke2 Rg8 32. Kd1 Nf5 33. R3e2
g5 34. hxg5 Rxg5 35. Qd2 Bd7 36. Kc1 Qc7 37. Be3 Nxe3 38. Qxe3 Qxg3 39.
Qe7+ Kg6 40. Qf8 Qb8 41. Qxb8 Rxb8 42. Re7 Bf5 43. Rc7 Rc8 0-1

[Event "It"]
[Site "Pamplona ESP"]
[Date "2002.01.04"]
[Round "8"]
[White "Andersson,U"]
[Black "Radjabov,T"]
[Result "1/2-1/2"]
[WhiteElo "2601"]
[BlackElo "2567"]
[EventDate "2001.12.27"]

1. Nf3 Nf6 2. c4 g6 3. g3 Bg7 4. Bg2 O-O 5. O-O d6 6. Nc3 Nc6 7. d3 e5 8.
Rb1 a5 9. a3 h6 10. b4 axb4 11. axb4 Be6 1/2-1/2

[Event "It"]
[Site "Pamplona ESP"]
[Date "2002.01.04"]
[Round "8"]
[White "Moreno Carnero,J"]
[Black "Leitao,R"]
[Result "0-1"]
[WhiteElo "2514"]
[BlackElo "2581"]
[EventDate "2001.12.27"]

1. e4 c5 2. Nf3 e6 3. d4 cxd4 4. Nxd4 Nc6 5. Nc3 Qc7 6. Be3 a6 7. Qd2 Nf6
8. O-O-O Be7 9. f3 d6 10. g4 O-O 11. h4 b5 12. Nxc6 Qxc6 13. Ne2 Nd7 14.
Nd4 Qc7 15. g5 Nc5 16. h5 b4 17. Kb1 Rb8 18. Qh2 Na4 19. Bd3 e5 20. Nb3 f5
21. f4 Nxb2 22. h6 g6 23. Kxb2 fxe4 24. fxe5 exd3 25. cxd3 Qc3+ 26. Kb1 Bf5
27. Qe2 dxe5 28. Rd2 Rfd8 29. Rhd1 Qc7 30. Ka1 Qc3+ 31. Kb1 Rb5 32. Nc1 Rc8
33. Nb3 Rd5 34. Nc1 a5 35. Qg2 Rd7 36. Rc2 Qxc2+ 37. Qxc2 Rxc2 38. Kxc2 a4
39. Rd2 Kf7 40. Kd1 Ke6 41. Ke2 Rc7 42. Rb2 0-1

[Event "It"]
[Site "Pamplona ESP"]
[Date "2002.01.04"]
[Round "8"]
[White "De la Riva Aguado,O"]
[Black "Fressinet,L"]
[Result "1/2-1/2"]
[WhiteElo "2495"]
[BlackElo "2588"]
[EventDate "2001.12.27"]

1. e4 d6 2. d4 g6 3. Nf3 Bg7 4. c3 Nf6 5. Bd3 O-O 6. O-O c5 7. h3 d5 8. e5
Ne4 9. Re1 Bf5 10. c4 cxd4 11. cxd5 Qxd5 12. g4 Nd2 13. Qxd2 Qxf3 14. gxf5
Qxh3 15. Bf1 1/2-1/2

[Event "It"]
[Site "Pamplona ESP"]
[Date "2002.01.05"]
[Round "9"]
[White "Fressinet,L"]
[Black "Moreno Carnero,J"]
[Result "1-0"]
[WhiteElo "2588"]
[BlackElo "2514"]
[EventDate "2001.12.27"]

1. e4 e5 2. Nf3 Nc6 3. Bb5 a6 4. Ba4 Nf6 5. O-O Be7 6. Re1 b5 7. Bb3 d6 8.
c3 O-O 9. d4 Bg4 10. d5 Na5 11. Bc2 Qc8 12. Nbd2 c6 13. b4 Nc4 14. Nxc4
bxc4 15. dxc6 Qxc6 16. a4 Rfd8 17. h3 Be6 18. Qe2 h6 19. Bd2 Rac8 20. Rad1
Bf8 21. Nh2 a5 22. b5 Qb7 23. Nf1 Nd7 24. Be3 Nc5 25. Nd2 Nd3 26. Bxd3 cxd3
27. Qxd3 d5 28. Nf1 Be7 29. Ng3 dxe4 30. Qxe4 Bd5 31. Qg4 Rc4 32. Qe2 Rxa4
33. Bxh6 f6 34. Nf5 Bxg2 35. Qh5 Rxd1 36. Rxd1 Bf8 37. Bxg7 1-0

[Event "It"]
[Site "Pamplona ESP"]
[Date "2002.01.05"]
[Round "9"]
[White "Leitao,R"]
[Black "Andersson,U"]
[Result "1/2-1/2"]
[WhiteElo "2581"]
[BlackElo "2601"]
[EventDate "2001.12.27"]

1. e4 c5 2. Nf3 e6 3. d4 cxd4 4. Nxd4 Nc6 5. Nc3 a6 6. Be2 d6 7. O-O Nf6 8.
Be3 Be7 9. f4 O-O 10. Kh1 Bd7 11. Qe1 b5 12. a3 Rb8 13. Rd1 Qc7 14. Qg3 b4
15. axb4 Rxb4 16. e5 Ne8 1/2-1/2

[Event "It"]
[Site "Pamplona ESP"]
[Date "2002.01.05"]
[Round "9"]
[White "Narciso Dublan,M"]
[Black "De la Riva Aguado,O"]
[Result "1/2-1/2"]
[WhiteElo "2517"]
[BlackElo "2495"]
[EventDate "2001.12.27"]

1. e4 c5 2. Nc3 e6 3. Nf3 a6 4. d4 cxd4 5. Nxd4 Qc7 6. Be2 Nc6 7. O-O Nf6
8. Be3 Bb4 9. Na4 O-O 10. Nxc6 bxc6 11. Nb6 Rb8 12. Nxc8 Rfxc8 13. Bxa6 Rf8
14. Bd3 Bd6 15. f4 e5 16. b3 exf4 17. Bd4 f3 18. e5 Bxe5 19. Bxe5 f2+ 20.
Rxf2 Qxe5 21. Re2 Qc5+ 22. Kh1 Rfe8 23. a4 Rxe2 24. Qxe2 Re8 25. Qf3 d5 26.
a5 Ne4 27. g3 Nf2+ 28. Kg2 Nxd3 29. Qxd3 Re3 30. Qd1 Rc3 31. Ra2 Qe3 32.
Ra4 Qc5 33. Ra2 Qe3 34. a6 Qe4+ 35. Kh3 Qe6+ 36. Qg4 Qh6+ 37. Qh4 Qe6+
1/2-1/2

[Event "It"]
[Site "Pamplona ESP"]
[Date "2002.01.05"]
[Round "9"]
[White "Radjabov,T"]
[Black "Conquest,S"]
[Result "1-0"]
[WhiteElo "2567"]
[BlackElo "2601"]
[EventDate "2001.12.27"]

1. d4 Nf6 2. c4 g6 3. Nc3 d5 4. Nf3 Bg7 5. Qb3 dxc4 6. Qxc4 O-O 7. e4 Bg4
8. Be2 Nfd7 9. Be3 Nb6 10. Qc5 e6 11. Rd1 Na6 12. Qb5 Qe7 13. O-O Qb4 14.
a3 Qxb5 15. Nxb5 Rfd8 16. Rfe1 Rd7 17. e5 Nd5 18. h3 Nxe3 19. fxe3 Bxf3 20.
Bxf3 c6 21. Nd6 Rad8 22. b4 Bf8 23. Ne4 Kg7 24. Rb1 Rb8 25. Rec1 Be7 26.
Kf2 h5 27. Rb3 Rdd8 28. Nc5 Nc7 29. a4 a6 30. Nd3 Ra8 31. Nc5 Rab8 32. Be4
f6 33. exf6+ Bxf6 34. Nd3 Rf8 35. Ke2 g5 36. Bf3 Kh6 37. Rf1 Bg7 38. Be4
Rxf1 39. Kxf1 Re8 40. Nc5 e5 41. Nxb7 exd4 42. Nd6 Rf8+ 43. Ke2 dxe3 44.
Nf5+ Kg6 45. Nxg7+ Kxg7 46. Bxc6 Rf6 47. Be4 Rb6 48. Kxe3 Kf6 49. Rc3 Ne6
50. Rc6 Rxb4 51. Bd5 Ke5 52. Bxe6 Rxa4 53. Bc4 g4 54. hxg4 hxg4 55. Bxa6
1-0